000 00448nam a2200193Ia 4500
008 101110s9999 xx 000 0 und d
041 _aMARATHI
082 _bSR19499
_a891.46301
100 _aMate S.M.
245 _aUpekshitanche Antarang
365 _b20
520 _aMarathi
546 _aMARATHI
630 _aUpekshitanche Antarang
650 _aMarathi
655 _aMarathi
730 _aUpekshitanche Antarang
942 _cBOOK
999 _c812823
_d812820